Third International Wheat Quality Conference Proceedings : "Standing on the Shoulders of Giants - What we have learned and where we are going" /

Guardado en:
Autor Corporativo: International Wheat Quality Conference Manhattan, KS)
Formato: Libro
Idioma:English
Publicado: Manhattan, KS : Grain Industry Alliance, 2005.
Etiquetas: Agregar Etiqueta
Sin Etiquetas, Sea el primero en etiquetar este registro!
LEADER 00664nam a22001455a 4500
001 EEA.libagro007701
005 20180420110756.0
008 130809s2005####xxu###########100#0#eng#d
020 |a 1891127489 
082 0 4 |a 633.11 
111 2 |a International Wheat Quality Conference  |n (3rd :  |d May 22-26 2005 :  |c Manhattan, KS) 
245 1 0 |a Third International Wheat Quality Conference Proceedings :  |b "Standing on the Shoulders of Giants - What we have learned and where we are going" /  |c O.K. Chung and G.L. Lookhart, editors. 
260 |a Manhattan, KS :  |b Grain Industry Alliance,  |c 2005. 
300 |a xxx, 425 p. ;  |c 23 cm. 
859 |a AR-BbBCA  |b BIB. AGRONOMIA  |h 633.11  |i I61-1 3-2005  |p 2006/5090